Διαδικασίες και χαρακτηριστικά της αστικοποίησης στην Καραϊβική : μεταπτυχιακή διατριβή
Αποθηκεύτηκε σε:
| Κύριος συγγραφέας: | |
|---|---|
| Συγγραφή απο Οργανισμό/Αρχή: | |
| Μορφή: | Thesis Βιβλίο |
| Γλώσσα: | Greek |
| Δημοσίευση: |
2013.
|
| Θέματα: | |
| Διαθέσιμο Online: | http://hdl.handle.net/11610/11212 |
| Ετικέτες: |
Προσθήκη ετικέτας
Δεν υπάρχουν, Καταχωρήστε ετικέτα πρώτοι!
|
MARC
| LEADER | 00000cam a2200000 i 4500 | ||
|---|---|---|---|
| 001 | 1/55226 | ||
| 008 | 140908s2013 gre d | ||
| 035 | |l 10118972 | ||
| 040 | |a GR-MY-UA |b gre |e aacr | ||
| 041 | 0 | |a gre | |
| 082 | 0 | |a 307 |2 (22) | |
| 100 | 1 | |a Ελευθερίου, Παντελία. | |
| 245 | 1 | 0 | |a Διαδικασίες και χαρακτηριστικά της αστικοποίησης στην Καραϊβική : |b μεταπτυχιακή διατριβή / |c Ελευθερίου Παντελία ; [επιβλέπων καθηγητής: Γαβαλάς Βασίλειος] |
| 260 | |c 2013. | ||
| 300 | |a 46 σ.; |b εικ. ; |c 30 εκ. | ||
| 502 | |a Διατριβή (μεταπτυχιακή) – Πανεπιστήμιο Αιγαίου, Λέσβος, 2013. | ||
| 504 | |a Βιβλιογραφία: σ. 38-46. | ||
| 650 | 0 | 0 | |a Urbanization |z Caribbean Area. |
| 700 | 1 | |a Γαβαλάς, Βασίλειος, |e dgs | |
| 710 | 2 | |a Πανεπιστήμιο Αιγαίου |b Σχολή Κοινωνικών Επιστημών |b Τμήμα Γεωγραφίας |b Μεταπτυχιακό Πρόγραμμα Σπουδών Γεωγραφία και Εφαρμοσμένη Γεωπληροφορική. | |
| 852 | |a INST |b LESVOS |c DIATR |e 20140908 |h 227 |p 005100055585 |q 005100055585 |t MTXE |y 23 | ||
| 852 | |a INST |b LESVOS |c DIATR |e 20140908 |h 228 |p 005100055586 |q 005100055586 |t MTXE |y 23 | ||
| 856 | |u http://hdl.handle.net/11610/11212 | ||
| 901 | |a BIBL1-2014-3 | ||
| 909 | |a Λ |b 190604 | ||
| 909 | |a Λ |b 190605 | ||
| 924 | |a ΕΛΕΥΘΕΡΙΟΥ |b ΠΑΝΤΕΛΙΑ |y ΛΕΣΒΟΣ |z 2012-05 | ||
| 970 | |a ΤΖΑΦΕΡΗ |b ΕΥΑΓΓΕΛΙΑ |z 2014/09/08 | ||